| 000 | 00923cam a22003017a 4500 | ||
|---|---|---|---|
| 003 | CHAP | ||
| 005 | 20220329141053.0 | ||
| 008 | 971013s1990 r 00010 d | ||
| 010 | _a62166 | ||
| 011 | _a63138 | ||
| 035 | _a67314 | ||
| 040 | _cCHAP | ||
| 082 |
_a595.703 _bG7 |
||
| 245 | 1 | 3 | _aLa gran enciclopedia de los insectos |
| 260 |
_aArtia, Praga : _bSusaeta, _c1990 |
||
| 300 |
_a511 p. _b: ilus. |
||
| 590 |
_aBATCH-UPD _b10 _c20130110 _lUCH01 _h2203 |
||
| 590 |
_aBATCH-UPD _b10 _c20130410 _lUCH01 _h1509 |
||
| 590 |
_aBATCH-UPD _b10 _c20130914 _lUCH01 _h1315 |
||
| 590 |
_aCONVERSION _b10 _c20130109 _lUCH01 _h1333 |
||
| 650 | 1 | 4 |
_aEntomología _xDiccionarios. _937124 |
| 650 | 1 | 4 |
_aInsectos _xDiccionarios. _958910 |
| 700 | 0 |
_aChvála, Milan. _923001 |
|
| 700 | 0 |
_aZahradník, Jirí. _9123439 |
|
| 901 | _aBK | ||
| 942 | _cLIBRO | ||
| 949 |
_a595.703 G7 _bBC _cC _d33724000924569 _eC _gI.182664 _h91647 _i67314 _si _t212.00 |
||
| 999 |
_c62166 _d62166 |
||